000 00889cam a2200217 4500
001 ABS62230
008 000000n2000 000 0 eng u
035 _a(Sirsi) u105734
245 _aLeisure
260 _c2000
490 _aProperty Week
_vLeisure Supplement April 2000 (LOAN)
520 _aThe Millennium Dome, investment in the leisure industry, competition between leading hotel agents Knight Frank, Jones Lang LaSalle and Insignia Richard Ellis, a review of the Scottish leisure market, a three year forecast of the leisure market are discussed. Outlines details of the Leisure Property Forum/Property Week Leisure Property Awards 2000.
590 _aABS
650 _aLEISURE MARKET
650 _aSCOTLAND
650 _aLEISURE INVESTMENT
650 _aLEISURE PROPERTY AWARDS 2000
650 _aMILLENNIUM DOME
690 _aLEISURE AND RECREATION
942 _n0
999 _c100466
_d100466